Statistiques concernant Les stations du Métro de Montréal

Cliquez ici pour prendre le quiz!

Statistiques générales

  • Ce quiz a été pris 10 fois
  • Le résultat moyen est 48 sur 73

Statistiques - réponses

Ligne Station % Correct
VerteMcGill
100%
VertePie-IX
100%
JauneJean-Drapeau
100%
VertePlace-Des-Arts
100%
VerteAngrignon
86%
OrangeSherbrooke
86%
VerteAtwater
86%
VerteLangelier
86%
VerteSaint-Laurent
71%
VertePapineau
71%
VerteCadillac
71%
OrangeMontmorency
71%
VerteBeaudry
71%
VerteBerri-UQAM
71%
VertePeel
71%
BleueParc
71%
BleueCôte-Des-Neiges
71%
JauneBerri-UQAM
71%
BleueJean-Talon
71%
BleueSaint-Michel
71%
VerteDe L'Église
71%
VerteMonk
71%
OrangeCôte-Vertu
71%
VerteViau
71%
OrangeBeaubien
71%
OrangePlace-D'Armes
71%
OrangeBonaventure
71%
OrangeLucien-L'Allier
71%
OrangeJean-Talon
71%
OrangeChamp-De-Mars
71%
OrangeBerri-UQAM
71%
OrangeRosemont
71%
OrangeHenri-Bourassa
71%
VerteLaSalle
57%
OrangeJarry
57%
VerteVerdun
57%
VerteJolicoeur
57%
BleueD'Iberville
57%
BleueFabre
57%
BleueSnowdon
57%
BleueUniversité-De-Montréal
57%
OrangeCartier
57%
OrangeDe La Concorde
57%
JauneLongueuil-Université-De-Sherbrooke
57%
BleueÉdouard-Montpetit
57%
BleueOutremont
57%
OrangeCrémazie
57%
BleueDe Castelnau
57%
OrangeSauvé
57%
BleueAcadie
57%
VerteCharlevoix
57%
VerteGuy-Concordia
57%
VerteHonoré-Beaugrand
57%
VerteRadisson
57%
OrangeVendôme
57%
OrangePlace-Saint-Henri
57%
OrangeVilla-Maria
57%
OrangeDu Collège
57%
OrangeCôte-Sainte-Catherine
57%
OrangePlamondon
57%
OrangeDe La Savane
57%
VerteLionel-Groulx
57%
VerteAssomption
57%
OrangeMont-Royal
57%
OrangeSnowdon
57%
OrangeLaurier
57%
OrangeSquare-Victoria-OACI
57%
VerteFrontenac
57%
VerteJoliette
57%
OrangeLionel-Groulx
57%
VertePréfontaine
57%
OrangeGeorges-Vanier
57%
OrangeNamur
43%

Distribution des résultats

Percentile by Number Answered

% des personnes avec chaque résultat

Votre développement - résultats

Vous n’avez pas pris ce quiz